ბათუმის შოთა რუსთაველის სახელმწიფო უნივერსიტეტის ბიბლიოთეკა

Геополитика / (ბიბ.ჩანაწერი № 54245)

000 -LEADER
fixed length control field 00963nam a2200265Ia 4500
001 - CONTROL NUMBER
control field 21301
003 - CONTROL NUMBER IDENTIFIER
control field GE_BSU
005 - DATE AND TIME OF LATEST TRANSACTION
control field 20211021154922.0
008 - FIXED-LENGTH DATA ELEMENTS--GENERAL INFORMATION
fixed length control field 181216s2017||||ru |||||||||||||| ||rus||
020 ## - INTERNATIONAL STANDARD BOOK NUMBER
International Standard Book Number 9785941784189
040 ## - CATALOGING SOURCE
Transcribing agency GE_BSU
041 ## - LANGUAGE CODE
Language code of text/sound track or separate title rus
080 ## - UNIVERSAL DECIMAL CLASSIFICATION NUMBER
Universal Decimal Classification number 327 Б-20
100 ## - MAIN ENTRY--PERSONAL NAME
Personal name Багалин, В.А.
9 (RLIN) 12705
245 ## - TITLE STATEMENT
Title Геополитика /
Statement of responsibility, etc. В. А. Багалин, А. А. Городилов, В. М. Манукян ; Ред. А. А. Городилова.
264 ## - PRODUCTION, PUBLICATION, DISTRIBUTION, MANUFACTURE, AND COPYRIGHT NOTICE
Place of production, publication, distribution, manufacture Старый Оскол :
Name of producer, publisher, distributor, manufacturer ТНТ,
Date of production, publication, distribution, manufacture, or copyright notice 2017.
300 ## - PHYSICAL DESCRIPTION
Extent 253 стр. ;
Dimensions 21 см.
500 ## - GENERAL NOTE
General note Библиогр. стр. 218-221 ; Приложю словарь имен стр. 222-253
653 ## - INDEX TERM--UNCONTROLLED
keyword Геополитика
700 ## - ADDED ENTRY--PERSONAL NAME
Personal name Городилов, А. А.
Relator term Автор
9 (RLIN) 12706
700 ## - ADDED ENTRY--PERSONAL NAME
Personal name Манукян, В.М.
Relator term Автор
9 (RLIN) 12707
700 ## - ADDED ENTRY--PERSONAL NAME
Personal name Городилова, А. А.
Relator term Редактор
9 (RLIN) 12708
942 ## - ADDED ENTRY ELEMENTS (KOHA)
Koha item type წიგნი
Source of classification or shelving scheme
ეგზემპლარები
Withdrawn status Lost status Source of classification or shelving scheme Damaged status Not for loan Permanent Location Current Location Shelving location Date acquired Cost, normal purchase price Full call number Barcode Date last seen Copy number Price effective from Koha item type Public note
          ბათუმის შოთა რუსთაველის სახელმწიფო უნივერსიტეტის მთავარი ბიბლიოთეკა ბათუმის შოთა რუსთაველის სახელმწიფო უნივერსიტეტის მთავარი ბიბლიოთეკა წიგნსაცავი 2018-12-17 99.00 327 Б-20 55219 2018-12-17 55219 2018-12-17 წიგნი 99.00 GEL.